Arqueología del área intermedia (Registro nro. 16698)
[ vista simple ]
| 000 -CABECERA | |
|---|---|
| Campo de control | 01385cas a2200313 a 4500 |
| 005 - FECHA Y HORA DE LA ULTIMA TRANSACCION | |
| Campo de control | 20170426120021.0 |
| 008 - ELEMENTOS DE LONGITUD FIJA—INFORMACION GENERAL | |
| Campo de control | 010919u1999uuuuck ar p 0 0spa |
| 022 ## - ISSN | |
| ISSN | 0124-4841 |
| 040 ## - FUENTE DE CATALOGACIÓN | |
| Agencia catalogadora original | DLC |
| Agencia transcriptora | DLC |
| Agencia Modificadora | MH |
| -- | OCoLC |
| -- | HEBIS |
| -- | GBVCP |
| -- | TxU |
| -- | OCoLC |
| 041 0# - IDIOMA | |
| Código de idioma para texto/pista de sonido o título separado | Español |
| -- | Inglés |
| 044 ## - PAÍS DE PUBLICACIÓN | |
| País de publicación | Colombia |
| 090 ## - CLASIFICACIÓN LOCAL | |
| Colección | SE |
| 245 00 - MENCION DE TITULO | |
| Título | Arqueología del área intermedia |
| 246 1# - FORMA VARIANTE DEL TITULO | |
| Título propiamente dicho/forma breve del título | Revista de arqueología del área intermedia |
| 260 ## - PUBLICACION, DISTRIBUCION, ETC. (PIE DE IMPRENTA) | |
| Lugar de publicación, distribución, etc. | Bogotá (Colombia) : |
| Nombre del editor, distribuidor, etc. | Sociedad Colombiana de Arqueología, |
| Fecha de publicación, distribución, etc. | 1999-. |
| 300 ## - DESCRIPCION FISICA | |
| Otros detalles físicos | illustraciones ; |
| Dimensiones | 23 x 16 cm. |
| 310 ## - FRECUENCIA ACTUAL DE LA PUBLICACIÓN | |
| Frecuencia actual de la publicación | Anual |
| 504 ## - NOTA DE BIBLIOGRAFIA, ETC. | |
| Nota de bibliografía | Incluye referencias bibliográficas. |
| 546 ## - NOTA DE IDIOMA | |
| Nota de idioma | En español ; resúmenes en español e inglés. |
| 550 ## - ISSUING BODY NOTE | |
| Issuing body note | Issued with: Instituto Colombiano de Antropología e Historia, <2002>- |
| 650 26 - ASIENTO SECUNDARIO DE MATERIA - TERMINO TEMATICO | |
| Término temático o nombre geográfico como elemento de entrada | Pueblos indígenas |
| Subdivisión general | Antigüedades |
| Subdivisión geográfica | América del Sur |
| Subdivisión de forma | Publicaciones periódicas |
| 9 (RLIN) | 81201 |
| 650 26 - ASIENTO SECUNDARIO DE MATERIA - TERMINO TEMATICO | |
| Término temático o nombre geográfico como elemento de entrada | Excavación arqueológica |
| Subdivisión geográfica | América del Sur |
| Subdivisión de forma | Publicaciones periódicas |
| 9 (RLIN) | 81202 |
| 650 26 - ASIENTO SECUNDARIO DE MATERIA - TERMINO TEMATICO | |
| Término temático o nombre geográfico como elemento de entrada | Pueblos indígenas |
| Subdivisión general | Antigüedades |
| Subdivisión geográfica | América central |
| Subdivisión de forma | Publicaciones periódicas |
| 9 (RLIN) | 81203 |
| 650 26 - ASIENTO SECUNDARIO DE MATERIA - TERMINO TEMATICO | |
| Término temático o nombre geográfico como elemento de entrada | Excavación arqueológica |
| Subdivisión geográfica | América central |
| Subdivisión de forma | Publicaciones periódicas |
| 9 (RLIN) | 81204 |
| 710 2# - ASIENTO SECUNDARIO - NOMBRE CORPORATIVO | |
| Nombre corporativo o de jurisdicción como elemento de entrada | Sociedad Colombiana de Arqueología |
| 9 (RLIN) | 81200 |
| 710 2# - ASIENTO SECUNDARIO - NOMBRE CORPORATIVO | |
| Nombre corporativo o de jurisdicción como elemento de entrada | Instituto Colombiano de Antropología e Historia |
| 9 (RLIN) | 14206 |
| 776 08 - ADDITIONAL PHYSICAL FORM ENTRY | |
| Display text | Online version: |
| Title | Arqueología del área intermedia |
| Record control number | (OCoLC)760057922 |
| 942 ## - ELEMENTOS ADICIONALES (KOHA) | |
| Sistema de clasificación | Local |
| Tipo de ítem | Periodica o revista |
| Withdrawn status | Lost status | Sistema de Clasificación | Damaged status | No para préstamo | Colección | Fecha publicación (Año) | Número revista | Inventariado | Ubicación Permanente | Ubicación actual | Fecha de adquisición | Fuente de adquisición | Datos de publicación Seriada | Total Checkouts | Número topográfico | Inventario / Código de Barras | Date last seen | Ejemplar | Price effective from | Forma de adquisición | Tipo de material |
|---|---|---|---|---|---|---|---|---|---|---|---|---|---|---|---|---|---|---|---|---|---|
| Local | Hemeroteca | 1999 | 1 | Inventariado 2017 | Bogotá | Bogotá | 09/03/2001 | Instituto Mexicano de Ecología / Muñoz Saba, Yaneth | Número 1 (01/12/1999) | SE | 005891 | 25/03/2015 | Ej. 1 | 25/03/2015 | Donación | Periodica o revista |